LDR 00893naa#a2200193#i#450# 001 RU\\bibl\120533 005 20260418011332.6 011 ## _a2073-5537 100 ## _a20260416b2026####ek#y0rusy0150####ca 102 ## _aRU 200 1# _aЦифровые сервисы в индустрии гостеприимства _eЖурнальная статья 210 1# _aАстрахань _cАстраханский государственный технический университет _d2026 215 ## _a6 с. 608 ## _aЖурнальная статья _2local 675 ## _aЭкономическая политика в области туризма. Экономика туризма. 338.48 _z 700 #1 _aРоманова _gЛариса Михайловна 700 #1 _aБаль _gНина Викторовна 700 #1 _aЦатурян _gЭрик Самвелович 856 4# _avestnik.astu.org _u